Pokémon - Quel est son évolution? - Statistiques

Statistiques générales
  • Ce quiz a été pris 222 fois
  • Le résultat moyen est 69 sur 100
Statistiques - réponses
Hint Réponse % Correct
... , Herbizarre, Florizarre Bulbizarre
100%
Nosferapti, Nosferalto, ... Nostenfer
94%
... , Ronflex Goinfrex
92%
..., Kadabra, Alakazam Abra
90%
Machoc, ... , Mackogneur Machopeur
89%
..., Steelix Onix
89%
... , Galopa Ponyta
89%
Abo, ... Arbok
88%
... , Cizayox Insecateur
87%
Chetiflor, ..., Empiflor Boustiflor
86%
Malosse, ... Demolosse
85%
Magneti, ..., Magnezone Magneton
85%
..., Noadkoko Noeunoeuf
85%
Ouisticram, Chimpenfeu, .... Simiabraz
85%
Coxy, ... Coxyclaque
84%
Ramoloss, Flagadoss ou ... Roigada
84%
Manzaï, ... Simularbre
84%
Melo, Melodfée, ... Melodelfe
83%
..., Electrode Voltorbe
83%
Tournegrin, ... Heliatronc
82%
..., M.Mime Mime Jr.
82%
Miaouss, ... Persian
82%
... Milobellus Barpau
81%
Héricendre, Feurisson, ... Typhlosion
81%
... , Rosabyss ou Serpang Coquiperl
80%
..., Leviator Magicarpe
80%
..., Xatu Natu
80%
Azurill, Marill, ... Azumarill
79%
... , Sharpedo Carvanha
79%
..., Arcanin Caninos
78%
Phanpy , ... Donphan
78%
Spoink, ... Groret
78%
Magby, Magmar, ... Maganon
78%
... , Demanta Babimanta
77%
..., Kicklee ou Tygnon ou Kapoera Debugant
77%
Grainipiot, ..., Tengalice Pifeuil
77%
Arcko, Massko, ... Jungko
76%
..., Crustabri Kokiyas
76%
Chenipan, ..., Papilusion Chrysacier
75%
Togepi,Togetic, ... Togekiss
75%
Blizzi, ... Blizzaroi
74%
Mimitoss, ... Aeromite
73%
..., Maraiste Axoloto
73%
... , Kaorine Balbuto
73%
Chaglam, ... Chaffreux
73%
..., Wailord Wailmer
73%
Okeoke, ... Qulbutoke
72%
Stari, ... Staross
71%
Cradopaud, ... Coatox
70%
Poichigeon, Colombeau, ... Deflaisan
70%
Charpenti, ... , Bétochef Ouvrifier
70%
..., Roucoups, Roucarnage Roucool
70%
Pomdepik, ... Foretress
69%
..., Escroco, Crocorible Mascaïman
69%
..., Ninjask et Munja Ningale
68%
..., Cochignon, Mammochon Marcacrin
67%
..., Rondoudou, Grodoudou Toudoudou
67%
Limagma, ... Volcaropod
67%
Cosmog, ..., Solgaleo ou Lunala Cosmovum
65%
Krabby, ... Krabboss
65%
Crikzik, ... Melokrik
65%
..., Lamperoie, Ohmassacre Anchwatt
64%
Ptiravi, Leveinard, ... Leuphorie
64%
Hypotrempe, ..., Hyporoi Hypocean
63%
..., Shaofouine Kungfouine
63%
..., Ceriflor Ceribou
62%
..., Avaltout Gloupti
62%
Viskuse, ... Moyade
62%
Stalgamin, Oniglali ou ... Momartik
61%
Chenipotte, Armulys, ... Charmillon
60%
..., Nemelios Helionceau
59%
Monorpale, ..., Exagide Dimocles
58%
Funécire, ... , Lugulabre Melancolux
58%
..., Pyrax Pyronille
58%
..., Golemastoc Gringolem
57%
Rhinocorne, Rhinoféros, ... Rhinastoc
57%
..., Scalproie Scalpion
57%
..., Dimoret Farfuret
56%
..., Neitram Lewsor
56%
Nucleos, ..., Symbios Meios
56%
Type:0, ... Silvallié
56%
Cacnea, ... Cacturne
55%
Feuillajou, ... Feuiloutan
54%
Chacripan, ... Leopardus
54%
Munna, ... Mushana
54%
Crabicoque, ... Crabaraque
53%
Sapereau, ... Excavarenne
53%
..., Zeblitz Zebibron
53%
..., Lineon Zigzaton
53%
..., Trépassable Bacabouh
52%
..., Camerupt Chamallot
52%
..., Gueriaigle Furaiglon
52%
..., Gamblast Flingouste
51%
..., Rexillius Ptyranidur
48%
..., Cocotine Fluvetin
47%
Venalgue, ... Kravarech
47%
Skelenox, ..., Noctunoir Teraclope
47%
..., Tutankafer Tutafeh
46%
..., Limaspeed Escargaume
44%
..., Crabominable Crabagarre
36%
Aucun quiz correspondant
Distribution des résultats
% des personnes avec chaque résultat
Percentile par nombre de réponses
Votre historique - résultats
Vous n’avez pas pris ce quiz